000 00576nam a2200205Ia 4500
005 20250508151553.0
008 008 250505s9999 xx 000 0 eng d
037 _aTextual
040 _aFEDL
_beng
_cFEDL
041 _aeng
_2eng
084 _a370.7, CUR
_qFEDL
100 _aCurtis Dwight K.
_9759528
245 0 _aGuiding your student teacher
260 _aNew York, USA
_bPrentice - Hall, Inc
_c1954
300 _axvi,384p.
650 _aEducation
700 _a Andrews Leonard O.
_9759529
942 _cTEXL
_h370.7, CUR
999 _c1330693
_d1330693